Statistics for Nordic Countries A-Z

Click here to take the quiz!

General Stats

  • This quiz has been taken 120 times
    (86 since last reset)
  • The average score is 17 of 24

Answer Stats

ClueAnswer% Correct
RCapital of IcelandReykjavik
100%
DOfficial language of DenmarkDanish
99%
NInternational awards in StockholmNobel Prize
99%
BSea east of ScandinaviaBaltic Sea
99%
IHuge Swedish furniture retailerIKEA
97%
TNorse mythology's God of ThunderThor
96%
JMain peninsula of DenmarkJutland
94%
LRegion where Sami people liveLapland
92%
FWord for a long, narrow ocean inletFjord
92%
MSouthern Swedish portal cityMalmö
90%
VTerm for the Norse seafarersVikings
87%
ZLargest Danish islandZealand
71%
CMeaning of the currency KronaCrown
69%
EA smaller version of a mooseElk
69%
ASecond largest city of DenmarkAarhus
69%
PFirst name of LongstockingPippi
64%
SWord for an epic Norse storySaga
59%
WWar of Finland during WWIIWinter War
59%
GSweden's largest islandGotland
56%
OBridge between M and CopenhagenÖresund
53%
KHistoric union between the NordicsKalmar
40%
ULanguage family of FinnishUralic
37%
HNorthernmost Norwegian cityHammerfest
35%
YSwedish town of Kurt WallanderYstad
21%

Score Distribution

Percentile by Number Answered

Percent of People with Each Score

Your Score History

You have not taken this quiz since the last reset